| 000 | 00448nam a2200145Ia 4500 | ||
|---|---|---|---|
| 008 | 211109s9999||||xx |||||||||||||| ||und|| | ||
| 082 |
_a030 _bWHE-E |
||
| 100 | _aWheeler, Harold | ||
| 245 | 0 | _aEverybody`s Book of Facts | |
| 260 |
_bTimes of India _aCeylon _c1939 |
||
| 300 | _a640p. | ||
| 630 | _xReference Reading Room | ||
| 650 |
_aCOMPUTER SCIENCE, INFORMATION & GENERAL WORKS _vGENERAL ENCYCLOPEDIC WORKSBOOK OF FACTS _xGeneralia |
||
| 942 | _cBOOK | ||
| 999 |
_c8897 _d8897 |
||